[Event "Match"]
[Site "www.echecsemail.com"]
[Date "2015.04.07"]
[Round "1"]
[White "Iko"]
[Black "Vattila2010"]
[WhiteElo "1500"]
[BlackElo "1860"]
[Result "1-0"]
[Round "1"]
1.e4 h5
2.d4 d5
3.Nb1c3 e6
4.e5 Bf8b4
5.a3 Bb4xc3
6.bxc3 f6
7.Ng1f3 g5
8.exf6 g4
9.Nf3e5 Ng8xf6
10.Qd1d3 Rh8g8
11.c4 b6
12.cxd5 Bc8a6
13.Qd3c3 Nf6e4
14.Qc3e3 Qd8xd5
15.c4 Qd5b7
16.Qe3h6 Ne4c5
17.Qh6xh5 Kd8
18.dxc5 Qb7e4
19.Bc1e3 bxc5
20.Ne5f7 Ke7
21.O-O-O Ba6xc4
22.Be3g5 Rg8xg5
23.Nf7xg5 Qe4f4
24.Rd1d2 Bc4d5
25.Qh5h7 Kd6
26.h4 Kc6
27.a4 Qf4xa4
28.Qh7g6 Qa4a1
29.Qg6b1 Qa1a3
30.Qb1b2 Qa3a4
31.h5 a6
32.h6 Qa4f4
33.h7 Nb8d7
34.Bf1xa6 Qf4xg5
35.Ba6b7 Kd6
36.Bb7xa8 g3
37.h8Q gxf2
38.Ba8xd5 exd5
39.Rh1h6 Ke7
40.Qh8h7 Ke8
41.Rh6e6 Kd8
42.Qb2h8 Nd7f8
43.Qh8xf8 
1-0

[Event "Match"]
[Site "www.echecsemail.com"]
[Date "2015.04.07"]
[Round "1"]
[White "Zazi"]
[Black "Joskov"]
[WhiteElo "1600"]
[BlackElo "1579"]
[Result "0-1"]
[Round "1"]
1.e4 e5
2.Ng1f3 Nb8c6
3.Bf1b5 Nc6d4
4.a4 c6
5.c3 Nd4xf3
6.Qd1xf3 cxb5
7.axb5 Bf8c5
8.Qf3g4 Qd8f6
9.O-O d5
10.Qg4g3 dxe4
11.Kh1 Bc8f5
12.b4 Bc5e7
13.h3 Be7d6
14.f3 Qf6g6
15.Qg3e1 Ng8f6
16.g4 exf3
17.d4 e4
18.b6 O-O
19.Rf1g1 axb6
20.Ra1xa8 Rf8xa8
21.gxf5 Qg6h5
22.h4 Qh5xf5
23.Bc1e3 Qf5h3

0-1

[Event "Match"]
[Site "www.echecsemail.com"]
[Date "2015.04.07"]
[Round "1"]
[White "Jacks"]
[Black "Manolinex"]
[WhiteElo "2800"]
[BlackElo "2730"]
[Result "1-0"]
[Round "1"]
1.e4 c5
2.Ng1f3 d6
3.d4 cxd4
4.Nf3xd4 Ng8f6
5.Nb1c3 a6
6.Bc1e3 e5
7.Nd4b3 Bc8e6
8.h3 Nb8d7
9.g4 Ra8c8
10.Qd1d2 b5
11.O-O-O Nd7b6
12.g5 b4
13.gxf6 bxc3
14.bxc3 gxf6
15.Bf1xa6 Nb6c4
16.Qd2d3 Nc4xe3
17.Qd3xe3 Rc8b8
18.c4 Qd8b6
19.Ba6b5 Ke7
20.Qe3xb6 Rb8xb6
21.a4 Bf8h6
22.Kb2 Rh8c8
23.c5 dxc5
24.c4 f5
25.a5 Rb6b8
26.exf5 Be6xf5
27.Rh1e1 Bh6g7
28.h4 Bf5g4
29.Rd1d3 Bg4f5
30.Rd3g3 Bg7f6
31.Ka3 Rc8c7
32.a6 Bf6xh4
33.Re1xe5 Kf6
34.Rg3e3 Bh4g5
35.Re5e8 Bg5xe3
36.Re8xb8 Be3xf2
37.Rb8b6 Ke5
38.Rb6b7 Rc7c8
39.Rb7xf7 Rc8a8
40.a7 Bf5e4
41.Bb5a4 Bf2g1
42.Rf7g7 { resign }
1-0

[Event "Match"]
[Site "www.echecsemail.com"]
[Date "2015.04.07"]
[Round "1"]
[White "Razorboy"]
[Black "Hundegana"]
[WhiteElo "1880"]
[BlackElo "1900"]
[Result "0-1"]
[Round "1"]
1.d4 d6
2.Bc1f4 Bc8f5
3.Nb1c3 c6
4.e3 h6
5.Ng1f3 g5
6.Bf4g3 Bf8g7
7.Bf1d3 Bf5xd3
8.Qd1xd3 Nb8d7
9.O-O Ng8f6
10.Rf1e1 Qd8b6
11.b3 Qb6a5
12.a4 O-O-O
13.Nc3e4 Nf6xe4
14.Qd3xe4 Rd8e8
15.h4 d5
16.Qe4d3 Qa5d8
17.hxg5 hxg5
18.Nf3xg5 Re8f8
19.e4 e6
20.exd5 exd5
21.f3 Qd8xg5
22.Kf2 f5
23.f4 Qg5f6
24.c3 Rh8h6
25.c4 Qf6xd4
26.Qd3xd4 Bg7xd4
27.Kf3 Bd4xa1
28.Re1xa1 Rf8g8
29.cxd5 cxd5
30.Ra1d1 Nd7f6
31.Bg3f2 a6
32.Rd1c1 Kb8
33.Bf2b6 Rh6g6
34.Rc1c2 Rg6g3
35.Ke2 Rg3xg2
36.Kd3 Rg8g3
37.Kd4 Rg2xc2
38.Ke5 Nf6d7
39.Kxd5 Nd7xb6
40.Ke5 Rc2c5
{ resign }
0-1

[Event "Match"]
[Site "www.echecsemail.com"]
[Date "2015.04.07"]
[Round "1"]
[White "F14"]
[Black "Micheles"]
[WhiteElo "1599"]
[BlackElo "2560"]
[Result "0-1"]
[Round "1"]
1.d4 Ng8f6
2.c4 g6
3.Nb1c3 d5
4.cxd5 Nf6xd5
5.e4 Nd5xc3
6.bxc3 Bf8g7
7.Ng1f3 c5
8.Qd1a4 Bc8d7
9.Bf1b5 O-O
10.Bb5xd7 Nb8xd7
11.Bc1e3 Nd7f6
12.e5 Nf6d5
13.O-O Nd5xc3
14.Qa4c4 cxd4
15.Be3xd4 Nc3d5
16.Ra1d1 e6
17.Bd4a1 Qd8a5
18.a4 Rf8c8
19.Qc4d4 Rc8c2
20.Rd1d2 Ra8c8
21.Rd2xc2 Rc8xc2
22.h3 Rc2a2
23.Nf3g5 Bg7h6
24.Ng5e4 Ra2xa4
25.Qd4c5 Ra4xa1
26.Rf1xa1 Qa5xa1
27.Kh2 Qa1xe5
28.Ne4g3 Bh6f4
29.Qc5c8 Kg7
30.Qc8xb7 Qe5d4
31.Qb7b3 Qd4xf2
32.Qb3f3 Qf2xf3
33.gxf3 a5
{ resign }
0-1

[Event "Match"]
[Site "www.echecsemail.com"]
[Date "2015.04.07"]
[Round "1"]
[White "Gaspard"]
[Black "F14"]
[WhiteElo "1720"]
[BlackElo "1599"]
[Result "1-0"]
[Round "1"]
1.e4 c5
2.c3 Nb8c6
3.d4 cxd4
4.cxd4 e6
5.d5 exd5
6.exd5 Qd8a5
7.Nb1c3 Nc6b4
8.a3 d6
9.Bc1e3 Nb4a6
10.Bf1b5 Bc8d7
11.Bb5xd7 Kxd7
12.Ng1f3 Ng8f6
13.O-O Bf8e7
14.b4 Qa5c7
15.Ra1c1 Rh8c8
16.Qd1a4 Kd8
17.Nf3g5 Qc7d7
18.Ng5xf7 Ke8
19.Qa4xd7 Kxd7
20.Nf7g5 Rc8c4
21.f3 Ra8c8
22.Ng5e4 b6
23.Ne4xf6 Be7xf6
24.Nc3e4 Rc4xc1
25.Ne4xf6 gxf6
26.Rf1xc1 Rc8xc1
27.Be3xc1 Na6c7
28.Kf2 Nc7xd5
29.Bc1d2 a5
30.bxa5 bxa5
31.Bd2xa5 Kc6
32.a4 Kc5
33.Ba5d2 Kd4
34.Ke2 h5
35.a5 Nd5c7
36.Bd2e3 Kc4
37.Be3f4 Kc5
38.Kd3 Nc7d5
39.Bf4d2 Nd5c7
40.Ke4 d5
41.Kf5 Kc4
42.Kxf6 d4
43.Ke5 Kd3
44.Bd2f4 Kc3
45.Ke4 d3
46.g4 Nc7e6
47.Bf4h6 d2
48.Bh6xd2 Kxd2
49.gxh5 { resign }
1-0

[Event "Match"]
[Site "www.echecsemail.com"]
[Date "2015.04.07"]
[Round "1"]
[White "Harrytheking"]
[Black "Ditto"]
[WhiteElo "1750"]
[BlackElo "1640"]
[Result "1-0"]
[Round "1"]
1.c4 e6
2.e3 Ng8f6
3.h3 c5
4.d3 Nb8c6
5.a3 d6
6.Ng1f3 Bf8e7
7.Bf1e2 O-O
8.O-O d5
9.cxd5 Nf6xd5
10.e4 Nd5f6
11.Nb1c3 Qd8c7
12.Bc1e3 b6
13.b3 Bc8b7
14.Nc3b5 Qc7d8
15.Qd1c2 Bb7a6
16.a4 Nc6b4
17.Qc2d2 e5
18.Nf3xe5 Ba6b7
19.Ne5c4 a6
20.Nb5c3 Qd8c7
21.Be3f4 Qc7d8
22.a5 b5
23.Nc4b6 Ra8a7
24.f3 Qd8d4
25.Bf4e3 Qd4e5
26.Be3f4 Qe5e6
27.d4 cxd4
28.Nc3d5 Nb4xd5
29.Nb6xd5 Nf6xd5
30.Bf4h2 Nd5c3
31.Be2d3 Be7b4
32.Qd2g5 Bb4e7
33.Qg5g3 Qe6xb3
34.Qg3f2 Be7c5
35.Bh2e5 Rf8d8
36.Qf2g3 f6
37.Be5c7 Rd8e8
38.Bc7b6 Bc5xb6
39.f4 Bb7xe4
40.Bd3xe4 Nc3xe4
41.Qg3xb3 Kf8
42.axb6 Ra7b7
43.Qb3b4 Re8e7
44.Qb4xd4 f5
45.Ra1xa6 g6
46.Ra6a8 Kf7
47.Qd4d5 Kg7
48.Qd5g8 Kh6
49.Qg8f8 Re7g7
50.Ra8a7 Rb7xb6
51.Qf8xg7 { resign }
1-0

[Event "Match"]
[Site "www.echecsemail.com"]
[Date "2015.04.07"]
[Round "1"]
[White "Bojan"]
[Black "Harrytheking"]
[WhiteElo "1980"]
[BlackElo "1680"]
[Result "1-0"]
[Round "1"]
1.e4 b6
2.d4 Bc8a6
3.Bf1xa6 Nb8xa6
4.Qd1e2 Qd8c8
5.c3 c6
6.Bc1f4 e6
7.Nb1d2 Ng8e7
8.Nd2c4 Ne7g6
9.Nc4d6 Bf8xd6
10.Bf4xd6 c5
11.d5 e5
12.Ng1h3 h6
13.f4 Ng6xf4
14.Nh3xf4 exf4
15.h4 Qc8d8
16.Qe2xa6 Qd8f6
17.e5 Qf6f5
18.Qa6e2 a5
19.Kd2 a4
20.Ra1f1 a3
21.b3 Ra8c8
22.Qe2c4 Qf5g4
23.Qc4e4 Qg4g6
24.Rf1xf4 Qg6xe4
25.Rf4xe4 g6
26.Re4a4 b5
27.Ra4xa3 b4
28.Ra3a5 bxc3
29.Kxc3 f6
30.exf6 Kf7
31.Bd6e7 d6
32.a4 h5
33.Ra5a7 Kg8
34.Be7xd6 Rh8h7
35.Bd6e7 Rh7f7
36.Kc4 Kh7
37.d6 g5
38.d7 Rc8b8
39.d8Q Rb8xd8
40.hxg5 Kg6
41.Ra7c7 Kxg5
42.Rc7xc5 Kg4
43.Be7xd8 h4
44.Rh1f1 Kg3
45.Rc5g5 Kh2
46.Bd8e7 Rf7h7
47.Be7d6 
1-0

[Event "Match"]
[Site "www.echecsemail.com"]
[Date "2015.04.07"]
[Round "1"]
[White "Caspito"]
[Black "F14"]
[WhiteElo "1800"]
[BlackElo "1870"]
[Result "1-0"]
[Round "1"]
1.e4 g6
2.d4 Bf8g7
3.e5 d6
4.Bc1f4 dxe5
5.Bf4g3 exd4
6.Ng1f3 c5
7.Bf1c4 Ng8f6
8.O-O O-O
9.Nb1d2 Nb8c6
10.Rf1e1 Rf8e8
11.Nf3g5 e6
12.Nd2f3 Nf6h5
13.Bg3h4 Qd8c7
14.Qd1d2 h6
15.Ng5e4 f5
16.Ne4xc5 b6
17.Nc5xe6 Bc8xe6
18.Re1xe6 Re8xe6
19.Bc4xe6 Kh7
20.Ra1e1 Ra8d8
21.a3 Nh5f6
22.Nf3xd4 Nc6xd4
23.Qd2c1 Qc7xc2
24.Qc1xc2 Nd4xe6
25.Re1xe6 Rd8f8
26.Re6e7 { resign }
1-0

[Event "Match"]
[Site "www.echecsemail.com"]
[Date "2015.04.07"]
[Round "1"]
[White "Budokai"]
[Black "F14"]
[WhiteElo "1429"]
[BlackElo "1860"]
[Result "0-1"]
[Round "1"]
1.Nb1c3 e5
2.e4 Nb8c6
3.Ng1f3 Ng8f6
4.Bf1b5 d6
5.d3 Bf8e7
6.a4 Bc8d7
7.Bb5c4 O-O
8.Nc3d5 Nf6xd5
9.exd5 Nc6b8
10.Qd1d2 c6
11.dxc6 Nb8xc6
12.h4 Nc6d4
13.Nf3g1 Be7xh4
14.Qd2b4 Nd4xc2
{ resign }
0-1

[Event "1/64 Finale"]
[Site "www.chess-mail.com"]
[Date "2015.04.07"]
[Round "1"]
[White "Forest"]
[Black "Vega"]
[WhiteElo "1630"]
[BlackElo "2480"]
[Result "0-1"]
[Round "1"]
1.d4 Ng8f6
2.c4 e6
3.Nb1c3 c5
4.Ng1f3 cxd4
5.Nf3xd4 Nb8c6
6.e3 Bf8e7
7.Bf1e2 O-O
8.O-O d6
9.b3 a6
10.Bc1b2 Bc8d7
11.Be2f3 Ra8c8
12.Nd4xc6 Bd7xc6
13.Bf3xc6 Rc8xc6
14.Qd1e2 Qd8b6
15.Qe2d2 d5
16.cxd5 Nf6xd5
17.Nc3xd5 exd5
18.Qd2xd5 Rc6c2
19.Bb2d4 Qb6c7
20.Bd4e5 Qc7c8
21.Be5g3 Rf8d8
22.Qd5f3 Be7f6
23.Ra1d1 Rd8xd1
24.Rf1xd1 Rc2xa2
25.h3 h6
26.Qf3d5 Qc8c2
27.Rd1d3 Ra2a1
28.Kh2 Qc2b1
29.Bg3d6 Bf6h4
{ resign }
0-1

[Event "1/128 Finale"]
[Site "www.chess-mail.com"]
[Date "2015.04.07"]
[Round "1"]
[White "Anja"]
[Black "Servant"]
[WhiteElo "1500"]
[BlackElo "1640"]
[Result "0-1"]
[Round "1"]
1.d4 d5
2.Ng1f3 Ng8f6
3.Bc1f4 c6
4.e3 g6
5.c4 Bf8g7
6.Bf1d3 O-O
7.O-O Bc8g4
8.h3 Bg4xf3
9.Qd1xf3 e6
10.Nb1c3 Nb8d7
11.e4 Nf6xe4
12.Nc3xe4 dxe4
13.Qf3xe4 Nd7f6
14.Qe4e3 Nf6h5
15.Bf4h2 Qd8xd4
16.Qe3xd4 Bg7xd4
17.Ra1b1 Ra8d8
18.Rf1d1 Nh5g7
19.b3 Ng7f5
20.Bd3xf5 exf5
21.Rd1d2 c5
22.Rb1d1 Rf8e8
23.Kf1 Re8e6
24.Bh2c7 Rd8e8
25.Bc7g3 Bd4c3
26.Rd2d5 Re6e1
{ resign }
0-1

[Event "1/16 Finale"]
[Site "www.chess-mail.com"]
[Date "2015.04.07"]
[Round "1"]
[White "Pgcbies"]
[Black "Maredocla"]
[WhiteElo "2780"]
[BlackElo "2000"]
[Result "1-0"]
[Round "1"]
1.e4 c5
2.Ng1f3 Nb8c6
3.d4 cxd4
4.Nf3xd4 g6
5.Nb1c3 Bf8g7
6.Bc1e3 a6
7.Nc3d5 e6
8.Nd4xc6 bxc6
9.Be3b6 Qd8h4
10.Nd5c7 Ke7
11.Bb6c5 Kd8
12.Nc7xa8 Qh4xe4
13.Qd1e2 Qe4d5
14.Bc5b6 Ke7
15.Ra1d1 Qd5xa2
16.Bb6c5 Kd8
17.Qe2d2 Ng8e7
18.Qd2b4 Bg7f6
19.Bf1c4 Qa2xb2
20.Bc5xe7 Ke8
21.Na8c7 
1-0

[Event "1/128 Finale"]
[Site "www.chess-mail.com"]
[Date "2015.04.07"]
[Round "1"]
[White "Hennie4820"]
[Black "Derfel83"]
[WhiteElo "1940"]
[BlackElo "1850"]
[Result "1/2-1/2"]
[Round "1"]
1.e4 c5
2.Ng1f3 d6
3.d4 Ng8f6
4.Nb1c3 e5
5.dxe5 dxe5
6.Qd1xd8 Kxd8
7.Nf3xe5 Bc8e6
8.f4 Bf8d6
9.Ne5d3 Bd6e7
10.f5 Be6d7
11.Bf1e2 a6
12.O-O Bd7c6
13.Bc1f4 Nf6xe4
14.Nc3xe4 Bc6xe4
15.Ra1d1 Nb8d7
16.Nd3xc5 Be7xc5
17.Kh1 Rh8e8
18.Be2g4 f6
19.c3 g6
20.fxg6 f5
21.Bg4xf5 Be4xf5
22.Bf4g5 Bc5e7
23.Bg5xe7 Re8xe7
24.Rf1xf5 hxg6
25.Rf5f8 Re7e8
26.Rf8f7 Re8e7
27.Rf7f8 { draw }
1/2-1/2

[Event "Eq:BEAC Hungary-CONFOEDERATIONIS HELVETICAE : "]
[Site "www.chess-mail.com"]
[Date "2015.04.07"]
[Round "1"]
[White "Bigrezi"]
[Black "Odin"]
[WhiteElo "1750"]
[BlackElo "1810"]
[Result "0-1"]
[Round "1"]
1.e4 e5
2.Ng1f3 Ng8f6
3.Nf3xe5 d6
4.Ne5f3 Nf6xe4
5.d4 d5
6.Bf1d3 Bf8b4
7.c3 Bb4a5
8.Qd1a4 Nb8c6
9.Bd3b5 Ba5b6
10.Bb5xc6 bxc6
11.Qa4xc6 Bc8d7
12.Qc6xd5 Ne4f6
13.Qd5c4 O-O
14.O-O a6
15.Bc1g5 Bd7b5
16.Bg5xf6 Bb5xc4
17.Bf6xd8 Bc4xf1
18.Bd8xc7 Bb6xc7
19.Kxf1 Bc7f4
20.Nb1a3 Rf8e8
21.Na3c4 h6
22.g3 Bf4c7
23.Nc4e3 g6
24.Ra1e1 Ra8b8
25.Re1d1 Rb8xb2
{ resign }
0-1

[Event "Eq:Angels of Checkmate-La Taverne : "]
[Site "www.chess-mail.com"]
[Date "2015.04.07"]
[Round "1"]
[White "Azulmarino"]
[Black "Guidom"]
[WhiteElo "1570"]
[BlackElo "2020"]
[Result "0-1"]
[Round "1"]
1.e4 e5
2.f3 Nb8c6
3.c3 Ng8f6
4.h3 Bf8c5
5.d3 d5
6.Bc1g5 dxe4
7.fxe4 O-O
8.Ng1f3 h6
9.Bg5h4 Bc8e6
10.Bf1e2 a6
11.d4 exd4
12.cxd4 Bc5xd4
13.e5 Bd4xe5
14.Qd1c2 Nc6d4
15.Nf3xd4 Qd8xd4
16.Bh4f2 Qd4xb2
17.Qc2xb2 Be5xb2
18.O-O Bb2xa1
19.Nb1d2 Ba1c3
20.Bf2c5 Rf8d8
21.Nd2f3 Nf6e4
22.Rf1c1 Bc3a5
23.Bc5e7 Rd8d7
24.Be7a3 Ne4d2
25.Nf3e5 Rd7d5
26.Ne5c4 Nd2xc4
27.Rc1xc4 Rd5d2
28.Be2f3 Be6xc4
{ resign }
0-1

[Event "Tourn. n7947"]
[Site "www.chess-mail.com"]
[Date "2015.04.08"]
[Round "1"]
[White "Generalfree"]
[Black "Kozakliuty"]
[WhiteElo "1800"]
[BlackElo "1480"]
[Result "1-0"]
[Round "1"]
1.e4 b6
2.d4 e6
3.f4 Bc8b7
4.Nb1c3 Bf8b4
5.Bf1d3 d6
6.Bc1d2 Ng8e7
7.Ng1f3 Nb8d7
8.a3 Bb4xc3
9.Bd2xc3 O-O
10.g3 f5
11.exf5 exf5
12.Qd1e2 Rf8e8
13.O-O-O Ne7g6
14.Qe2f2 Bb7e4
15.Bd3xe4 fxe4
16.Nf3g5 h6
17.Ng5h3 d5
18.f5 Ng6h8
19.g4 Nh8f7
20.Rd1e1 Nd7f6
21.Nh3f4 Nf6xg4
22.Qf2g3 Qd8g5
23.h4 Qg5xf5
24.Re1f1 h5
25.Nf4h3 Qf5d7
26.Nh3f4 Qd7d6
27.Bc3b4 c5
28.dxc5 bxc5
29.Bb4d2 e3
30.Bd2e1 e2
31.Rf1g1 Re8e3
32.Qg3g2 Qd6xf4
33.Be1d2 Qf4f3
34.Bd2xe3 Qf3xe3
35.Kb1 Ra8e8
36.Qg2xd5 Ng4f2
37.Qd5g2 Qe3d4
38.Rh1h2 Qd4d1
39.Ka2 Nf2g4
40.Rh2h3  { time }
1-0

[Event "Tourn. n8143"]
[Site "www.chess-mail.com"]
[Date "2015.04.08"]
[Round "1"]
[White "Cardiff"]
[Black "Derfel83"]
[WhiteElo "1970"]
[BlackElo "1840"]
[Result "1-0"]
[Round "1"]
1.c4 e5
2.Nb1c3 Nb8c6
3.Ng1f3 f5
4.d4 exd4
5.Nf3xd4 d6
6.Nd4xc6 bxc6
7.e3 g6
8.Bf1e2 Bf8g7
9.Qd1c2 d5
10.cxd5 cxd5
11.Be2b5 Bc8d7
12.Bb5xd7 Qd8xd7
13.O-O Ng8e7
14.Bc1d2 O-O
15.a3 Rf8e8
16.Ra1c1 d4
17.exd4 Qd7xd4
18.Bd2e3 Qd4e5
19.Rf1e1 Bg7h6
20.Be3xh6 { resign }
1-0

[Event "Tourn. n8144"]
[Site "www.chess-mail.com"]
[Date "2015.04.08"]
[Round "1"]
[White "4knights"]
[Black "Gilliere"]
[WhiteElo "1770"]
[BlackElo "1850"]
[Result "1-0"]
[Round "1"]
1.d4 Ng8f6
2.c4 g6
3.Ng1f3 Bf8g7
4.Nb1c3 d6
5.e4 O-O
6.Bf1e2 Nb8d7
7.O-O e5
8.Rf1e1 exd4
9.Nf3xd4 a6
10.Bc1e3 c5
11.Nd4f3 Nf6g4
12.Be3d2 Bg7xc3
13.Bd2xc3 Qd8c7
14.Ra1c1 Ng4e5
15.Qd1d2 Nd7f6
16.Qd2f4 Nf6h5
17.Qf4h6 Ne5g4
18.Qh6g5 f6
19.Qg5d5 Kh8
20.Rc1d1 Ng4e5
21.Qd5xd6 Qc7xd6
22.Rd1xd6 Bc8g4
23.Nf3xe5 Bg4xe2
24.Re1xe2 fxe5
25.Bc3xe5 Kg8
26.Re2d2 Rf8e8
27.Rd2d5 Ra8c8
28.f3 Nh5g7
29.Rd6d7 Re8xe5
30.Rd5xe5 Ng7h5
31.Re5e7 Nh5f6
32.Rd7xb7 Kf8
33.e5 Nf6h5
34.Re7xh7 Rc8d8
35.Rh7h8 
1-0

[Event "Tourn. n8136"]
[Site "www.chess-mail.com"]
[Date "2015.04.08"]
[Round "1"]
[White "Tomasseeber"]
[Black "Tartan"]
[WhiteElo "2240"]
[BlackElo "2390"]
[Result "0-1"]
[Round "1"]
1.Ng1f3 Ng8f6
2.h3 d5
3.c4 dxc4
4.e3 Bc8e6
5.Nf3d4 Be6d5
6.Nb1c3 e6
7.Nc3xd5 exd5
8.b3 Bf8c5
9.Bc1b2 Bc5xd4
10.Bb2xd4 Nb8c6
11.Bd4b2 Qd8d6
12.bxc4 O-O-O
13.cxd5 Qd6xd5
14.Qd1c2 Nc6b4
15.Qc2c3 Nf6e4
16.Qc3xb4 a5
{ resign }
0-1

[Event "Tourn. n8097"]
[Site "www.chess-mail.com"]
[Date "2015.04.08"]
[Round "1"]
[White "Pipas"]
[Black "Tomcapp"]
[WhiteElo "1640"]
[BlackElo "1540"]
[Result "1-0"]
[Round "1"]
1.e4 e5
2.Bf1c4 Nb8c6
3.Ng1f3 Bf8c5
4.O-O Nc6d4
5.Nf3xe5 Ng8h6
6.h3 d6
7.Ne5d3 O-O
8.Nd3xc5 dxc5
9.d3 a6
10.Bc1xh6 gxh6
11.c3 Nd4e6
12.Qd1g4 Ne6g7
13.Qg4f4 b5
14.Qf4g3 bxc4
15.dxc4 h5
16.Nb1a3 Bc8e6
17.Ra1d1 Qd8f6
18.Qg3xc7 Ra8c8
19.Qc7b6 Rc8a8
20.Qb6xc5 Ra8c8
21.Qc5b6 a5
22.Qb6xa5 Be6xc4
23.Rf1e1 Rc8a8
24.Qa5c5 Bc4a6
25.e5 Qf6g5
26.Rd1d6 Ng7e6
27.Qc5b4 Ne6f4
28.Qb4e4 Nf4xh3
29.Kh2 Nh3f4
30.Re1e3 Qg5h4
31.Re3h3 Qh4xf2
32.Rh3g3 Nf4g6
33.e6 Ba6f1
34.exf7 Rf8xf7
35.Qe4xa8 Kg7
36.Qa8e4 Rf7f6
37.Rd6d7 Kh6
38.Qe4b7 Rf6f7
39.Rd7xf7 Qf2xg3
40.Kxg3 h4
41.Kg4 Ng6e5
42.Kxh4 Ne5xf7
43.Qb7xf7 Bf1xg2
44.Qf7f6 
1-0

[Event "Tourn. n8111"]
[Site "www.chess-mail.com"]
[Date "2015.04.08"]
[Round "1"]
[White "Dany2005"]
[Black "Liencam2"]
[WhiteElo "2130"]
[BlackElo "2270"]
[Result "0-1"]
[Round "1"]
1.c4 e5
2.Nb1c3 Bf8b4
3.Nc3d5 a5
4.e3 Ng8f6
5.a3 Bb4c5
6.d4 Nf6xd5
7.cxd5 exd4
8.exd4 Bc5e7
9.Bf1d3 d6
10.Ng1f3 Bc8g4
11.h3 Bg4h5
12.O-O Nb8d7
13.g4 Bh5g6
14.Rf1e1 O-O
15.Bc1e3 f5
16.Kg2 fxg4
17.hxg4 Nd7f6
18.g5 Nf6e4
19.Qd1c2 Ne4xg5
20.Bd3xg6 Ng5xf3
 { time }
0-1

[Event "Tourn. n8005"]
[Site "www.chess-mail.com"]
[Date "2015.04.08"]
[Round "1"]
[White "Samael"]
[Black "Manuel09"]
[WhiteElo "2090"]
[BlackElo "1919"]
[Result "1/2-1/2"]
[Round "1"]
1.e4 e5
2.Ng1f3 Nb8c6
3.d3 Bf8c5
4.Nb1c3 d6
5.Bf1e2 Bc8g4
6.h3 Bg4h5
7.O-O Qd8d7
8.Qd1d2 Bh5xf3
9.Be2xf3 Ng8e7
10.Qd2d1 Nc6d4
11.Nc3d5 Nd4xf3
12.Qd1xf3 Ne7xd5
13.exd5 O-O-O
14.Bc1e3 Bc5xe3
15.fxe3 Rd8f8
16.Qf3f5 Qd7xf5
17.Rf1xf5 g6
18.Rf5f6 Kd8
19.Ra1f1 Ke7
20.e4 h5
21.c4 b6
22.b4 Rh8h7
23.a4 a6
24.h4 Rf8b8
25.b5 axb5
26.axb5 Rb8a8
27.Rf6f2 Rh7g7
28.Kh2 Ra8a3
29.Rf2d2 Rg7g8
30.Rf1c1 Rg8f8
31.Rc1c2 Rf8a8
32.g3 Ra8f8
33.Rc2a2 Rf8a8
34.Ra2xa3 Ra8xa3
35.Kg2 f5
36.Kf3 Ra3a8
37.Ke3 Ra8f8
38.Rd2f2 Rf8f6
39.Rf2f1 fxe4
40.Rf1xf6 Kxf6
41.dxe4 g5
42.Kf3 g4
43.Ke3 Ke7
44.Kd3 Kd7
45.Ke3 Ke7
{ draw }
1/2-1/2

[Event "Tourn. n8013"]
[Site "www.chess-mail.com"]
[Date "2015.04.08"]
[Round "1"]
[White "Bobjones"]
[Black "Ssharp"]
[WhiteElo "2210"]
[BlackElo "2150"]
[Result "1-0"]
[Round "1"]
1.d4 d5
2.c4 e6
3.e3 Ng8f6
4.Ng1f3 Bf8e7
5.Bf1d3 dxc4
6.Bd3xc4 O-O
7.O-O c6
8.Nb1c3 Nb8d7
9.a3 b6
10.e4 Bc8b7
11.Rf1e1 h6
12.h3 Qd8c7
13.Bc1e3 Ra8d8
14.Qd1e2 Rf8e8
15.Ra1c1 Qc7b8
16.Re1d1 Be7f8
17.Qe2c2 Kh8
18.Bc4d3 Rd8c8
19.Qc2d2 Rc8d8
20.Be3f4 Qb8a8
21.Rd1e1 c5
22.Bd3b1 cxd4
23.Nc3b5 Nf6xe4
24.Bb1xe4 Bb7xe4
25.Nb5c7 Qa8b7
26.Nc7xe8 Rd8xe8
27.Rc1c7 Qb7d5
28.Re1xe4 Qd5xe4
29.Rc7xd7 { resign }
1-0

[Event "Tourn. n8144"]
[Site "www.chess-mail.com"]
[Date "2015.04.08"]
[Round "1"]
[White "Dominiquer"]
[Black "Gilliere"]
[WhiteElo "1830"]
[BlackElo "1850"]
[Result "1-0"]
[Round "1"]
1.e4 e5
2.Ng1f3 d6
3.d4 exd4
4.Qd1xd4 Nb8c6
5.Bf1b5 Bc8d7
6.Bb5xc6 Bd7xc6
7.Bc1g5 Ng8e7
8.Nb1c3 f6
9.Bg5e3 Ne7g6
10.O-O-O Bf8e7
11.h4 O-O
12.h5 Ng6e5
13.h6 Ne5xf3
14.gxf3 g6
15.f4 Bc6d7
16.f5 g5
17.f4 c5
18.Qd4c4 Kh8
19.fxg5 fxg5
20.Nc3d5 b5
21.Qc4c3 Be7f6
22.Nd5xf6 Qd8xf6
23.Qc3xf6 Rf8xf6
24.Be3xg5 Rf6f7
25.Rd1xd6 c4
26.Rh1d1 Bd7xf5
27.exf5 Rf7xf5
28.Rd6d8 Ra8xd8
29.Rd1xd8 { resign }
1-0

[Event "Tourn. n8064"]
[Site "www.chess-mail.com"]
[Date "2015.04.08"]
[Round "1"]
[White "Emmanuelasi"]
[Black "Roqueur"]
[WhiteElo "2240"]
[BlackElo "2580"]
[Result "0-1"]
[Round "1"]
1.e4 c5
2.d4 cxd4
3.c3 dxc3
4.Nb1xc3 Nb8c6
5.Ng1f3 e6
6.Bc1f4 Bf8b4
7.Bf1c4 Ng8e7
8.O-O O-O
9.Qd1e2 d5
10.Rf1d1 Bb4xc3
11.bxc3 Qd8a5
12.Bc4d3 Qa5xc3
13.Bf4d6 Qc3f6
14.e5 Qf6h6
15.Ra1c1 Rf8d8
16.g3 Qh6h5
17.h4 Ne7f5
18.Bd6a3 Bc8d7
19.Rc1c2 Qh5g4
20.Kh2 h6
21.Rd1c1 Ra8c8
22.Rc1b1 Qg4a4
23.Ba3c5 b6
24.Bc5e3 Nf5xe3
25.Qe2xe3 Nc6xe5
26.Nf3xe5 Rc8xc2
27.Bd3xc2 Qa4xc2
28.Rb1c1 Qc2xa2
29.h5 Bd7e8
30.Rc1c7 d4
31.Qe3f3 Qa2d5
32.Qf3f4 d3
{ resign }
0-1

[Event "Tourn. n8109"]
[Site "www.chess-mail.com"]
[Date "2015.04.08"]
[Round "1"]
[White "Ruko"]
[Black "Fabos12"]
[WhiteElo "1850"]
[BlackElo "1890"]
[Result "0-1"]
[Round "1"]
1.e4 d6
2.d4 g6
3.Ng1f3 Bc8g4
4.h3 Bg4d7
5.Nb1c3 Bf8g7
6.Bc1e3 e6
7.Qd1d2 Ng8e7
8.O-O-O O-O
9.g4 Nb8c6
10.h4 f5
11.gxf5 exf5
12.exf5 Ne7xf5
13.Be3g5 Bg7f6
14.Bf1c4 Kh8
 { time }
0-1

[Event "Tourn. n8086"]
[Site "www.chess-mail.com"]
[Date "2015.04.08"]
[Round "1"]
[White "Passaroa25"]
[Black "Olddog55"]
[WhiteElo "1510"]
[BlackElo "1690"]
[Result "1/2-1/2"]
[Round "1"]
1.e4 e5
2.Ng1e2 Ng8f6
3.Ne2g3 d5
4.Bf1d3 Bf8c5
5.Nb1c3 Nf6g4
6.O-O Qd8f6
7.Qd1f3 Bc5xf2
8.Rf1xf2 O-O
9.Qf3xf6 Ng4xf6
10.Bd3e2 d4
11.Nc3b5 Nb8a6
12.c3 Bc8d7
13.Ng3f5 Rf8e8
14.a3 Nf6xe4
15.Rf2f1 Re8e6
16.Be2f3 Bd7xb5
17.Rf1e1 Ne4g5
18.Bf3xb7 Ra8b8
19.Bb7d5 Re6g6
20.Nf5e7 Kf8
21.Ne7c6 Bb5xc6
22.Bd5xc6 Rg6xc6
23.h4 Ng5e6
24.Re1xe5 Na6c5
25.cxd4 Nc5d3
26.d5 Rc6c5
27.b4 Nd3xb4
28.axb4 Rb8xb4
29.Kh2 Kg8
30.Bc1a3 Rb4xh4
31.Kg3 Rc5c4
32.dxe6 fxe6
33.Ba3e7 Rh4h6
34.Ra1xa7 Kf7
35.d3 Rc4c3
36.Re5e3 Kxe7
37.Kf2 Rh6f6
38.Kg3 Rc3c2
39.Re3f3 Rf6g6
40.Kf4 Kd7
41.g4 Rc2g2
42.Rf3g3 Rg2e2
43.Kf3 Re2c2
44.Ra7a3 Kd6
45.Ke4 h5
46.d4 Rc2c4
47.gxh5 Rg6h6
48.Rg3xg7 Rh6xh5
49.Ra3e3 e5
50.Kd3 Kd5
51.dxe5 Rc4d4
52.Kc3 c5
53.e6 Rh5h8
54.Rg7d7 Kc6
55.Rd7xd4 cxd4
56.Kxd4 Rh8e8
57.e7 Kd7
58.Kd5 { draw }
1/2-1/2

[Event "Tourn. n8126"]
[Site "www.chess-mail.com"]
[Date "2015.04.08"]
[Round "1"]
[White "Churrasca"]
[Black "Pariolinius"]
[WhiteElo "1990"]
[BlackElo "1920"]
[Result "1-0"]
[Round "1"]
1.e4 c5
2.Ng1f3 e6
3.d4 cxd4
4.Nf3xd4 Nb8c6
5.Nb1c3 Bf8b4
6.Nd4xc6 bxc6
7.Qd1d4 c5
8.Qd4xg7 Qd8f6
9.Qg7g3 Ng8e7
10.Bc1d2 Rh8g8
11.Qg3h3 Qf6g6
12.O-O-O Bc8b7
13.f3 a5
14.a3 Bb4xc3
15.Bd2xc3 Bb7c6
16.g3 a4
17.Bf1d3 f6
18.e5 f5
19.Rh1f1 Ne7d5
20.Bc3d2 Ra8b8
21.g4 Qg6g7
22.Rf1e1 Bc6b5
23.c4 Bb5xc4
24.Bd3xc4 Qg7xe5
25.Re1xe5 { resign }
1-0

[Event "Tourn. n8104"]
[Site "www.chess-mail.com"]
[Date "2015.04.08"]
[Round "1"]
[White "Antuan72"]
[Black "Fabos12"]
[WhiteElo "1990"]
[BlackElo "1890"]
[Result "1-0"]
[Round "1"]
1.e4 g6
2.d4 d6
3.Ng1f3 Bf8g7
4.Bf1e2 Nb8c6
5.Bc1e3 e6
6.Nb1d2 f5
7.O-O Ng8e7
8.Be3g5 fxe4
9.Nd2xe4 O-O
10.c3 h6
11.Bg5e3 Bc8d7
12.Ne4g3 Ne7f5
13.Ng3xf5 Rf8xf5
14.Qd1d2 Qd8e7
15.Be3xh6 Ra8f8
16.Bh6e3 e5
17.dxe5 dxe5
18.Qd2c2 Nc6d8
19.Ra1d1 Bd7c6
20.Qc2b3 Kh8
21.c4 Bc6xf3
22.Be2xf3 Rf5xf3
23.gxf3 Rf8xf3
24.Qb3c2 e4
25.Kh1 Nd8f7
26.Rf1g1 Kg8
{ time. }
1-0

[Event "Tourn. n8166"]
[Site "www.chess-mail.com"]
[Date "2015.04.08"]
[Round "1"]
[White "Anja"]
[Black "Cyrilgeorge"]
[WhiteElo "1670"]
[BlackElo "1429"]
[Result "1-0"]
[Round "1"]
1.d4 d5
2.Ng1f3 f6
3.Bc1f4 c6
4.e3 Nb8d7
5.c4 g5
6.Nf3xg5 Qd8a5
7.Nb1c3 h6
8.Qd1h5 Kd8
9.Ng5e6 { resign }
1-0

[Event "Tourn. n8111"]
[Site "www.chess-mail.com"]
[Date "2015.04.08"]
[Round "1"]
[White "Averoes"]
[Black "Dany2005"]
[WhiteElo "2140"]
[BlackElo "2130"]
[Result "1-0"]
[Round "1"]
1.d4 Ng8f6
2.c4 g6
3.Nb1c3 d5
4.Ng1f3 Bf8g7
5.cxd5 Nf6xd5
6.e4 Nd5xc3
7.bxc3 O-O
8.Bc1e3 c5
9.Qd1d2 cxd4
10.cxd4 Nb8c6
11.Ra1c1 Bc8g4
12.d5 Nc6e5
13.Bf1e2 Bg4xf3
14.gxf3 b6
15.f4 Ne5d7
16.h4 Nd7f6
17.f3 Ra8c8
18.Kf2 Qd8d7
19.f5  { time }
1-0